00549nam a22001817a 450000500170000001000150001702000110003203500140004303700090005708200130006610000320007924500850011125000110019626000430020727000760025030000210032670000200034720241204114544.0 aENG-142827 c362.00 aEN-126359 bDBAD a631.421 aRajammal, T. Sherene Jenita aFundamentals Of Soil Physics/cby T. Sherene Jenita Rajammal and J. Ramachandran aFirst  aTamil NadubShanlax Publicationsc2022 bTamil Nadua61, 66 T. P. K. Main Road, Vasantha Nagar, Madurai,e625003 a136p.c25cm(pbk) aJ. Ramachandran